| 000 | 01989nam0a2200385 4500 | ||
|---|---|---|---|
| 001 | RU\NLR\bibl\524661 | ||
| 005 | 20260405060434.0 | ||
| 010 |
_a5-02-032046-3 _9300 |
||
| 021 |
_aRU _b2004-23560 _91190 |
||
| 035 | _a(NLR Aleph) 000517044 | ||
| 090 |
_a1269396 _c1269396 |
||
| 100 | _a20040528d2003 |||y0rusy50 ca | ||
| 101 | 0 |
_arus _deng |
|
| 102 | _aRU | ||
| 105 | _aa ||||||||| | ||
| 200 | 1 |
_aМатематическое моделирование техногенного загрязнения в криолитозоне _dMathematical simulation of technogenic pollution in cryolithozone _fП.П. Пермяков, А.П. Аммосов _gОтв. ред. д.т.н. А.Р. Павлов _g[Рос. акад. наук, Сиб. отд-ние, Ин-т физ.-техн. проблем Севера] _zeng |
|
| 210 |
_aНовосибирск _cНаука _d2003 |
||
| 215 |
_a223 с. _cил. _d22 |
||
| 300 | _aАвт. также на англ. яз.: P.P. Permyakov, A.P. Ammosov | ||
| 300 | _aРез. на англ. яз. | ||
| 320 | _aБиблиогр.: с. 201-220 | ||
| 510 | 1 |
_6z45790 _aMathematical simulation of technogenic pollution in cryolithozone _zeng |
|
| 606 | 0 |
_aМерзлые грунты _xЗагрязнение _xМатематическое моделирование _92334636 _3RU\NLR\auth\661395879 |
|
| 686 | _aД491.52-437в641.0 | ||
| 700 | 1 |
_4070 _8rus _7ca _aПермяков _bП.П. _gПетр Петрович _3RU\NLR\auth\7719751 _92822 |
|
| 701 | 1 |
_4070 _8rus _7ca _aАммосов _bА. П. _f1937-2015 _gАлександр Прокопьевич _3RU\NLR\AUTH\7719749 _92820 |
|
| 790 | 1 |
_4070 _8rus _7ba _aPermjakov _bP.P. _gPetr Petrovič _3RU\NLR\auth\7719752 _92823 |
|
| 790 | 1 |
_4070 _8rus _7ba _aAmmosov _bA. P. _f1937-2015 _gAleksandr Prokop'evič _3RU\NLR\AUTH\7719750 _92821 |
|
| 801 | 0 |
_aRU _bNLR _c20040528 _gPSBO |
|
| 801 | 1 |
_aRU _bNLR _c20040528 |
|
| 830 | _aмерзлые грунты | ||
| 942 | _cBOOK | ||
| 980 | _aNB | ||